Seminario sobre la Sostenibilidad de la Política de Seguridad Democrática en Colombia / (Registro nro. 5157)
[ vista simple ]
| 000 -LEADER | |
|---|---|
| fixed length control field | 01385nam a2200277Ia 4500 |
| 003 - CONTROL NUMBER IDENTIFIER | |
| control field | OSt |
| 005 - DATE AND TIME OF LATEST TRANSACTION | |
| control field | 20210104144320.0 |
| 008 - FIXED-LENGTH DATA ELEMENTS--GENERAL INFORMATION | |
| fixed length control field | 191128s9999 xx 000 0 und d |
| 020 ## - INTERNATIONAL STANDARD BOOK NUMBER | |
| International Standard Book Number | 9583376965 |
| 040 ## - CATALOGING SOURCE | |
| Original cataloging agency | CO-JMCR |
| Transcribing agency | CO-JMCR |
| 041 O# - LANGUAGE CODE | |
| Language code of text/sound track or separate title | spa |
| 082 04 - DEWEY DECIMAL CLASSIFICATION NUMBER | |
| Classification number | 320.9861 / |
| Item number | C399s |
| Edition number | 23 |
| 111 2# - MAIN ENTRY--MEETING NAME | |
| Meeting name or jurisdiction name as entry element | Seminario sobre la sostenibilidad de la política de seguridad democrática en Colombia |
| Subordinate unit | (2004 : |
| Relator term | Cartagena) |
| 9 (RLIN) | 2641 |
| 245 10 - TITLE STATEMENT | |
| Title | Seminario sobre la Sostenibilidad de la Política de Seguridad Democrática en Colombia / |
| 260 ## - PUBLICATION, DISTRIBUTION, ETC. | |
| Place of publication, distribution, etc. | Bogotá : |
| Name of publisher, distributor, etc. | Embajada de los Estados Unidos de América, |
| Date of publication, distribution, etc. | 2005 |
| 300 ## - PHYSICAL DESCRIPTION | |
| Extent | 556 páginas ; |
| Dimensions | 24 cm. |
| 490 0# - SERIES STATEMENT | |
| Series statement | Proyecto Houston |
| 505 0# - FORMATTED CONTENTS NOTE | |
| Formatted contents note | Aspectos del debate internacional relevantes para la superación de la crisis colombiana -- Evaluación de la política de seguridad ciudadana -- Derechos humanos y la política de seguridad ciudadana -- Sostenibilidad del control territorial -- Problema de la propiedad |
| 520 ## - SUMMARY, ETC. | |
| Summary, etc. | El seminario sobre la sostenibilidad de la seguridad democrática en Colombia, realizado en Cartagena del 17 al 19 de septiembre de 2004, fue auspiciado por la Embajada de Estados Unidos. |
| 650 14 - SUBJECT ADDED ENTRY--TOPICAL TERM | |
| Topical term or geographic name entry element | Política de seguridad |
| 9 (RLIN) | 2642 |
| 650 14 - SUBJECT ADDED ENTRY--TOPICAL TERM | |
| Topical term or geographic name entry element | Seguridad democrática |
| 9 (RLIN) | 2643 |
| 650 14 - SUBJECT ADDED ENTRY--TOPICAL TERM | |
| Topical term or geographic name entry element | Orden público |
| 9 (RLIN) | 2606 |
| 650 14 - SUBJECT ADDED ENTRY--TOPICAL TERM | |
| Topical term or geographic name entry element | Derechos civiles |
| 9 (RLIN) | 2644 |
| 650 14 - SUBJECT ADDED ENTRY--TOPICAL TERM | |
| Topical term or geographic name entry element | Luchas sociales |
| 9 (RLIN) | 2645 |
| 942 ## - ADDED ENTRY ELEMENTS (KOHA) | |
| Source of classification or shelving scheme | Dewey Decimal Classification |
| Koha item type | Books |
| Withdrawn status | Lost status | Source of classification or shelving scheme | Damaged status | Not for loan | Collection code | Home library | Current library | Date acquired | Source of acquisition | Cost, normal purchase price | Total Checkouts | Full call number | Barcode | Date last seen | Date last checked out | Copy number | Price effective from | Koha item type |
|---|---|---|---|---|---|---|---|---|---|---|---|---|---|---|---|---|---|---|
| Dewey Decimal Classification | Non-fiction | Biblioteca Pública José María del Castillo y Rada | Biblioteca Pública José María del Castillo y Rada | 04/15/2018 | Donación | 0.00 | 1 | 320.9861 / C399s | 430001381 | 09/06/2024 | 09/05/2024 | Ej.1 | 04/15/2018 | Books | ||||
| Dewey Decimal Classification | Non-fiction | Biblioteca Pública José María del Castillo y Rada | Biblioteca Pública José María del Castillo y Rada | 12/16/2020 | Donación | 0.00 | 320.9861 / C399s | 201810174 | 05/16/2024 | Ej.2 | 12/16/2020 | Books |